<?xml version="1.0" encoding="UTF-8"?>
<record
    xmlns:xsi="http://www.w3.org/2001/XMLSchema-instance"
    xsi:schemaLocation="http://www.loc.gov/MARC21/slim http://www.loc.gov/standards/marcxml/schema/MARC21slim.xsd"
    xmlns="http://www.loc.gov/MARC21/slim">

  <leader>01349cam a22002535a 4500</leader>
  <controlfield tag="001">017472734</controlfield>
  <controlfield tag="003">OSt</controlfield>
  <controlfield tag="005">20160503143643.0</controlfield>
  <controlfield tag="008">150727t2016    maua   frb    000|0 eng d</controlfield>
  <datafield tag="020" ind1=" " ind2=" ">
    <subfield code="z">9780128021200 (pbk.)</subfield>
  </datafield>
  <datafield tag="040" ind1=" " ind2=" ">
    <subfield code="a">StDuBDS</subfield>
    <subfield code="b">eng</subfield>
    <subfield code="c">StDuBDS</subfield>
    <subfield code="d">Uk</subfield>
    <subfield code="d">EG-ScBUE</subfield>
    <subfield code="e">pn</subfield>
  </datafield>
  <datafield tag="082" ind1="0" ind2="4">
    <subfield code="a">620.001171</subfield>
    <subfield code="2">22</subfield>
    <subfield code="b">DOU</subfield>
  </datafield>
  <datafield tag="100" ind1="1" ind2=" ">
    <subfield code="a">Douglass, Bruce Powel.</subfield>
    <subfield code="9">34948</subfield>
  </datafield>
  <datafield tag="245" ind1="1" ind2="0">
    <subfield code="a">Agile systems engineering /</subfield>
    <subfield code="c">Bruce Powel Douglass.</subfield>
  </datafield>
  <datafield tag="260" ind1=" " ind2=" ">
    <subfield code="a">Waltham :</subfield>
    <subfield code="b">Morgan Kaufmann / Elsevier,</subfield>
    <subfield code="c">c.2016.</subfield>
  </datafield>
  <datafield tag="300" ind1=" " ind2=" ">
    <subfield code="a">xxi, 429 p. :</subfield>
    <subfield code="b">ill. ;</subfield>
    <subfield code="c">24 cm.</subfield>
  </datafield>
  <datafield tag="500" ind1=" " ind2=" ">
    <subfield code="a">Index : p. 419-429.</subfield>
  </datafield>
  <datafield tag="504" ind1=" " ind2=" ">
    <subfield code="a">Includes bibliographical references.</subfield>
  </datafield>
  <datafield tag="505" ind1="0" ind2=" ">
    <subfield code="a">&lt;ol&gt; &lt;ol&gt;&lt;li&gt;What is Model-Based Systems Engineering?&lt;/li&gt; &lt;p&gt;&lt;li&gt;What are Agile Methods and Why Should I Care? &lt;/li&gt; &lt;p&gt;&lt;li&gt;The importance of Agile methods&lt;/li&gt; &lt;p&gt;&lt;li&gt;Agile Stakeholder Requirements Engineering&lt;/li&gt; &lt;p&gt;&lt;li&gt;Agile Systems Requirements Definition and Analysis&lt;/li&gt; &lt;p&gt;&lt;li&gt;System Architectural Analysis and Trade Studies&lt;/li&gt; &lt;p&gt;&lt;li&gt;Agile Systems Architectural Design&lt;/li&gt; &lt;p&gt;&lt;li&gt;The Handoff to Downstream Engineering&lt;/li&gt;&lt;/ol&gt; &lt;p&gt;Appendix A. T-Wrecks Stakeholder Requirements&lt;/p&gt; &lt;p&gt;Appendix B. T-Wrecks System Requirements&lt;/p&gt; &lt;ol&gt;&lt;/ol&gt;&lt;/ol&gt;</subfield>
  </datafield>
  <datafield tag="650" ind1=" " ind2="7">
    <subfield code="a">Systems engineering.</subfield>
    <subfield code="2">BUEsh</subfield>
    <subfield code="9">3798</subfield>
  </datafield>
  <datafield tag="650" ind1=" " ind2="7">
    <subfield code="a">Agile software development.</subfield>
    <subfield code="2">BUEsh</subfield>
    <subfield code="9">4807</subfield>
  </datafield>
  <datafield tag="653" ind1=" " ind2=" ">
    <subfield code="b">COMSCI</subfield>
    <subfield code="c">May2016</subfield>
  </datafield>
  <datafield tag="942" ind1=" " ind2=" ">
    <subfield code="2">ddc</subfield>
  </datafield>
  <datafield tag="999" ind1=" " ind2=" ">
    <subfield code="c">21691</subfield>
    <subfield code="d">21663</subfield>
  </datafield>
  <datafield tag="952" ind1=" " ind2=" ">
    <subfield code="0">0</subfield>
    <subfield code="1">0</subfield>
    <subfield code="2">ddc</subfield>
    <subfield code="4">0</subfield>
    <subfield code="7">0</subfield>
    <subfield code="8">Alahram</subfield>
    <subfield code="a">MAIN</subfield>
    <subfield code="b">MAIN</subfield>
    <subfield code="c">1ST</subfield>
    <subfield code="d">2016-05-03</subfield>
    <subfield code="e">Purchase</subfield>
    <subfield code="g">561.00</subfield>
    <subfield code="l">1</subfield>
    <subfield code="o">620.001171 DOU</subfield>
    <subfield code="p">000032417</subfield>
    <subfield code="r">2025-07-15 00:00:00</subfield>
    <subfield code="s">2023-10-07</subfield>
    <subfield code="v">701.25</subfield>
    <subfield code="y">BB</subfield>
  </datafield>
</record>
